Statistics for Cardinal Electors of the Last Papal Conclave

Click here to take the quiz!

General Stats

  • This quiz has been taken 5 times
  • The average score is 4 of 115

Answer Stats

No.Cardinal elector% Correct
43George Pell
40%
31Jorge Mario Bergoglio
40%
1Giovanni Battista Re
20%
24Audrys Juozas Bačkis
20%
21Walter Kasper
20%
20Crescenzio Sepe
20%
18Francis Eugene George
20%
16Christoph Schönborn
20%
27Wilfrid Fox Napier
20%
14Dionigi Tettamanzi
20%
22Ivan Dias
20%
2Tarcisio Bertone
20%
8Roger Michael Mahony
20%
85Luis Antonio Gokim Tagle
20%
4Béchara Boutros Raï
20%
87Attilio Nicora
20%
84Rubén Salazar Gómez
0%
82Baselios Cleemis Thottunkal
0%
81John Tong Hon
0%
86Jean-Louis Tauran
0%
80Rainer Maria Woelki
0%
83John Olorunfemi Onaiyekan
0%
78Giuseppe Betori
0%
79Timothy Michael Dolan
0%
89Franc Rodé
0%
77Willem Jacobus Eijk
0%
76Dominik Duka
0%
75Thomas Christopher Collins
0%
74George Alencherry
0%
73Reinhard Marx
0%
72Albert Malcolm Ranjith Patabendige Don
0%
71Kazimierz Nycz
0%
70Raymundo Damasceno Assis
0%
69Donald William Wuerl
0%
68Paolo Romeo
0%
88William Joseph Levada
0%
96Angelo Amato
0%
90Leonardo Sandri
0%
104Gianfranco Ravasi
0%
114Giuseppe Versaldi
0%
113Domenico Calcagno
0%
112Edwin Frederick O'Brien
0%
111João Braz de Aviz
0%
110Francesco Coccopalmerio
0%
109Giuseppe Bertello
0%
108Antonio Maria Vegliò
0%
107Santos Abril y Castelló
0%
106Manuel Monteiro de Castro
0%
105Fernando Filoni
0%
103Velasio De Paolis
0%
91Giovanni Lajolo
0%
102Mauro Piacenza
0%
101Paolo Sardi
0%
100Kurt Koch
0%
99Raymond Leo Burke
0%
98Francesco Monterisi
0%
97Robert Sarah
0%
66Raúl Eduardo Vela Chiriboga
0%
95Raffaele Farina
0%
94Stanisław Ryłko
0%
93Angelo Comastri
0%
92Paul Josef Cordes
0%
67Laurent Monsengwo Pasinya
0%
58André Vingt-Trois
0%
65John Njue
0%
19Zenon Grocholewski
0%
35Angelo Scola
0%
34Karl Lehmann
0%
33Severino Poletto
0%
32José da Cruz Policarpo
0%
30Cláudio Hummes
0%
29Juan Luis Cipriani Thorne
0%
28Óscar Andrés Rodríguez Maradiaga
0%
26Julio Terrazas Sandoval
0%
25Francisco Javier Errázuriz Ossa
0%
23Geraldo Majella Agnelo
0%
17Norberto Rivera Carrera
0%
37Gabriel Zubeir Wako
0%
15Polycarp Pengo
0%
13Antonio María Rouco Varela
0%
12Juan Sandoval Íñiguez
0%
11Vinko Puljić
0%
10Jean-Claude Turcotte
0%
9Jaime Lucas Ortega y Alamino
0%
7Nicolás de Jesús López Rodríguez
0%
6Joachim Meisner
0%
5Godfried Danneels
0%
3Antonios Naguib
0%
36Anthony Olubunmi Okogie
0%
38Carlos Amigo Vallejo
0%
64Odilo Pedro Scherer
0%
52Antonio Cañizares Llovera
0%
63Daniel Nicholas DiNardo
0%
62Francisco Robles Ortega
0%
61Oswald Gracias
0%
60Théodore-Adrien Sarr
0%
59Angelo Bagnasco
0%
57Lluís Martínez Sistach
0%
56Seán Baptist Brady
0%
55Carlo Caffarra
0%
54Stanisław Dziwisz
0%
53Seán Patrick O'Malley
0%
51Jean-Pierre Ricard
0%
39Justin Francis Rigali
0%
50Jorge Liberato Urosa Savino
0%
49Agostino Vallini
0%
48Marc Ouellet
0%
47Péter Erdő
0%
46Philippe Barbarin
0%
45Jean-Baptiste Phạm Minh Mẫn
0%
44Josip Bozanić
0%
42Telesphore Placidus Toppo
0%
41Peter Kodwo Appiah Turkson
0%
40Ennio Antonelli
0%
115James Michael Harvey
0%

Score Distribution

Percentile by Number Answered

Percent of People with Each Score

Your Score History

You have not taken this quiz